000 00619nam a2200229Ia 4500
003 OSt
005 20221005122750.0
006 a|||||r|||| 00| 0
007 ta
008 221004b |||||||| |||| 00| 0 san d
024 _a50762
037 _cTextual
040 _aCRL
_cCRL
_bsan
041 _2san
_asan
082 _aQ124:4x2:1, 15F5;1
100 _aCaland Willem Ed.
_9194478
245 0 _aKarhakagrhya sutra with extracts from three commentaries etc
260 _c1925
650 _aRELIGION
942 _hQ124:4x2:1, 15F5;1
_cTEXL
_2cc
999 _c1045299
_d1045299